დიპლომატიური და საკონსულო სამართალი / (ბიბ.ჩანაწერი № 58216)
[ მარტივი ფორმატი ]
| 000 -ლიდერი | |
|---|---|
| ფიქსირებული სიგრძის საკონტროლო ველი | 01170nam a22002417a 4500 |
| 003 - საკონტროლო ნომრის იდენტიფიკატორი | |
| საკონტროლო ველი | Ge_BSU |
| 005 - ბოლო ოპერაციის თარიღი და დრო | |
| საკონტროლო ველი | 20241023112808.0 |
| 008 - ფიქსირებული სიგრძის მონაცემთა ელემენტები - ზოგადი ინფორმაცია | |
| ფიქსირებული სიგრძის საკონტროლო ველი | 210916s2021 ge ||||| |||| 00| 0 geo d |
| 020 ## - წიგნის საერთაშორისო სტანდარტული ნომერი | |
| International Standard Book Number | 9789941974137 |
| 041 ## - ენის კოდი | |
| Language code of text/sound track or separate title | geo |
| 080 ## - უნივერსალური ათობითი კლასიფიკაციის ინდექსი | |
| Universal Decimal Classification number | 341.7 ა-19 |
| 100 ## - მთავარი ჩანაწერი - პიროვნების სახელი | |
| Personal name | აბაშიძე, ასლან |
| 9 (RLIN) | 4400 |
| 245 ## - ცნობა სათაურის შესახებ | |
| Title | დიპლომატიური და საკონსულო სამართალი / |
| Statement of responsibility, etc | ასლან აბაშიძე, გივი ლობჟანიძე; რედ. როინ მეტრეველი, რომან შენგელია. |
| 264 ## - წარმოების, გამოცემის, დისტრიბუციის და სხვა ცნობები | |
| გამოცემის, წარმოების, დისტრიბუციის... ადგილი | თბილისი, |
| გამოცემის, წარმოების, დისტრიბუციის... თარიღი | 2021. |
| 300 ## - ფიზიკური აღწერა | |
| Extent | 488 გვ. |
| Other physical details | 22 სმ. |
| 653 ## - INDEX TERM--UNCONTROLLED | |
| Uncontrolled term | დიპლომატიური სამართალი |
| 653 ## - INDEX TERM--UNCONTROLLED | |
| Uncontrolled term | საკონსულო სამართალი |
| 700 ## - ADDED ENTRY--PERSONAL NAME | |
| Personal name | ლობჟანიძე, გივი |
| Relator term | ავტორი |
| 9 (RLIN) | 12493 |
| 700 ## - ADDED ENTRY--PERSONAL NAME | |
| Personal name | მეტრეველი, როინ |
| Relator term | რედაქტორი |
| 9 (RLIN) | 12494 |
| 700 ## - ADDED ENTRY--PERSONAL NAME | |
| Personal name | შენგელია, რომან |
| Relator term | რედაქტორი |
| 9 (RLIN) | 12495 |
| 773 ## - HOST ITEM ENTRY | |
| Title | ნაჩუქარი |
| 942 ## - ADDED ENTRY ELEMENTS (KOHA) | |
| Source of classification or shelving scheme | |
| Koha item type | წიგნი |
| ჩამოწერის სტატუსი | დაკარგული ეგზემპლარის სტატუსი | კლასიფიკაციის წყარო ან თაროზე გაწყობის სქემა | დაზიანების სტატუსი | არ გაიცემა | მუდმივი მდებარეობა (დაცვის ადგილი) | ამჟამინდელი ადგილსამყოფელი | თაროზე განთავსების ადგილი | შეძენის თარიღი | ღირებულება, შესყიდვის ნორმალური ფასი | სრული შენახვის შიფრი | შტრიხკოდი | ბოლო ოპერაციის თარიღი | ეგზემპლარის მიმდევრობითი ნომერი (კეტერი?) | ფასის ძალაში შესვლის თარიღი | ეგზემპლარის სახეობა | საჯარო შენიშვნა |
|---|---|---|---|---|---|---|---|---|---|---|---|---|---|---|---|---|
| ბათუმის შოთა რუსთაველის სახელმწიფო უნივერსიტეტის მთავარი ბიბლიოთეკა | ბათუმის შოთა რუსთაველის სახელმწიფო უნივერსიტეტის მთავარი ბიბლიოთეკა | წიგნსაცავი | 2021-09-16 | 15.00 | 341.7 ა-19 | 61687 | 2021-09-16 | 61687 | 2021-09-16 | წიგნი | 15 ლ. | |||||
| ბათუმის შოთა რუსთაველის სახელმწიფო უნივერსიტეტის მთავარი ბიბლიოთეკა | ბათუმის შოთა რუსთაველის სახელმწიფო უნივერსიტეტის მთავარი ბიბლიოთეკა | წიგნსაცავი | 2021-09-16 | 15.00 | 341.7 ა-19 | 61688 | 2021-09-16 | 61688 | 2021-09-16 | წიგნი | 15 ლ. | |||||
| ბათუმის შოთა რუსთაველის სახელმწიფო უნივერსიტეტის მთავარი ბიბლიოთეკა | ბათუმის შოთა რუსთაველის სახელმწიფო უნივერსიტეტის მთავარი ბიბლიოთეკა | წიგნსაცავი | 2021-09-16 | 15.00 | 341.7 ა-19 | 61689 | 2021-09-16 | 61689 | 2021-09-16 | წიგნი | 15 ლ. | |||||
| ბათუმის შოთა რუსთაველის სახელმწიფო უნივერსიტეტის მთავარი ბიბლიოთეკა | ბათუმის შოთა რუსთაველის სახელმწიფო უნივერსიტეტის მთავარი ბიბლიოთეკა | წიგნსაცავი | 2021-09-20 | 15.00 | 341.7 ა-19 | 61699 | 2021-09-20 | 61699 | 2021-09-20 | წიგნი | 15.00 | |||||
| ბათუმის შოთა რუსთაველის სახელმწიფო უნივერსიტეტის მთავარი ბიბლიოთეკა | ბათუმის შოთა რუსთაველის სახელმწიფო უნივერსიტეტის მთავარი ბიბლიოთეკა | წიგნსაცავი | 2024-10-23 | 15.00 | 341.7 ა-19 | 66139 | 2024-10-23 | 66139 | 2024-10-23 | წიგნი | 15.00 | |||||
| ბათუმის შოთა რუსთაველის სახელმწიფო უნივერსიტეტის მთავარი ბიბლიოთეკა | ბათუმის შოთა რუსთაველის სახელმწიფო უნივერსიტეტის მთავარი ბიბლიოთეკა | წიგნსაცავი | 2024-10-23 | 15.00 | 341.7 ა-19 | 66140 | 2024-10-23 | 66140 | 2024-10-23 | წიგნი | 15.00 |
